000 00571nam a22002297a 4500
003 UA-OsUOA
001 43259
007 ta
008 20090529b un ||||| |||| 00| 0 ukr d
100 _aЗарічний О.
090 _a929/281.9
_bЗ-34
942 _cBK
040 _aUA-OsUOA
_bukr
_cUA-OsUOA
_dUA-OsUOA
245 _aМитрополит Філарет
300 _a176 с.
955 _a4
041 _aukr
080 _a929/281.9
260 _aЛьвів
_c1995
650 7 _a9 Географія. Біографії. Історія
_2UDC
999 _c441734
_d441734